000 00475cam a22001814a 4500
005 20250605164303.0
008 250528s ||||||||||||||||||||||||d
035 _a22157
040 _aGR-AtMCL
_bgre
_dGR-AtMCL
_eAACR2
245 1 _aΜΟΥΣΕΙΟ ΒΑΝ ΓΚΟΓΚ: ΑΜΣΤΕΡΝΤΑΜ
250 _a1
260 _bΤραπεζα Κυπρου,
_c2006
300 _a160
700 1 _aCarminati Marco
_98023
942 _cBK
999 _c7213
_d7213